Most Popular Sports in the World - Statistics

General Stats
  • This quiz has been taken 142 times
  • The average score is 12 of 20
Answer Stats
Rank Answer % Correct
1 Football/Soccer
100%
2 Basketball
93%
6 Rugby Union
93%
12 Baseball
89%
3 Cricket
85%
19 Swimming
83%
4 Tennis
83%
13 American Football
72%
9 Ice Hockey
70%
5 Athletics
68%
10 Volleyball
66%
11 Golf
64%
8 Boxing
54%
17 Badminton
49%
16 Field Hockey
44%
18 Cycling
42%
7 Formula 1
30%
14 Mixed Martial Arts
26%
20 Snooker
12%
15 Moto GP
4%
No matching quizzes found
Score Distribution
Percent of People with Each Score
Percentile by Number Answered
Your Score History
You have not taken this quiz